<?xml version="1.0" encoding="UTF-8"?>
<record
    xmlns:xsi="http://www.w3.org/2001/XMLSchema-instance"
    xsi:schemaLocation="http://www.loc.gov/MARC21/slim http://www.loc.gov/standards/marcxml/schema/MARC21slim.xsd"
    xmlns="http://www.loc.gov/MARC21/slim">

  <leader>00774nam a22002177a 4500</leader>
  <datafield tag="952" ind1=" " ind2=" ">
    <subfield code="a">0001</subfield>
    <subfield code="b">0001</subfield>
    <subfield code="d">2021-06-03</subfield>
    <subfield code="l">0</subfield>
    <subfield code="o">321.8 T34t 2019</subfield>
    <subfield code="p">019875</subfield>
    <subfield code="r">2021-06-03 00:00:00</subfield>
    <subfield code="w">2021-06-03</subfield>
    <subfield code="y">BKS</subfield>
  </datafield>
  <datafield tag="952" ind1=" " ind2=" ">
    <subfield code="a">0001</subfield>
    <subfield code="b">0001</subfield>
    <subfield code="d">2021-06-03</subfield>
    <subfield code="l">0</subfield>
    <subfield code="o">321.8 T34t 2019</subfield>
    <subfield code="p">019876</subfield>
    <subfield code="r">2021-06-03 00:00:00</subfield>
    <subfield code="w">2021-06-03</subfield>
    <subfield code="y">BKS</subfield>
  </datafield>
  <datafield tag="952" ind1=" " ind2=" ">
    <subfield code="a">0002</subfield>
    <subfield code="b">0002</subfield>
    <subfield code="d">2024-02-27</subfield>
    <subfield code="l">0</subfield>
    <subfield code="o">321.8 T34t 2019</subfield>
    <subfield code="p">21198</subfield>
    <subfield code="r">2024-02-27 00:00:00</subfield>
    <subfield code="w">2024-02-27</subfield>
    <subfield code="y">BKS</subfield>
  </datafield>
  <datafield tag="999" ind1=" " ind2=" ">
    <subfield code="c">14393</subfield>
    <subfield code="d">14393</subfield>
  </datafield>
  <controlfield tag="003">MIRAKIL</controlfield>
  <controlfield tag="005">20211214000619.0</controlfield>
  <controlfield tag="008">210603b        tu ||||| |||| 00| 0 tur d</controlfield>
  <datafield tag="020" ind1=" " ind2=" ">
    <subfield code="a">9786056981807</subfield>
  </datafield>
  <datafield tag="040" ind1=" " ind2=" ">
    <subfield code="a">TR-AnCHP</subfield>
    <subfield code="b">tur</subfield>
    <subfield code="c">TR-AnCHP</subfield>
  </datafield>
  <datafield tag="041" ind1=" " ind2=" ">
    <subfield code="a">tur</subfield>
  </datafield>
  <datafield tag="082" ind1=" " ind2=" ">
    <subfield code="a">321.8</subfield>
    <subfield code="b">T34t 2019</subfield>
  </datafield>
  <datafield tag="100" ind1=" " ind2=" ">
    <subfield code="a">Tekeli, &#x130;lhan</subfield>
  </datafield>
  <datafield tag="245" ind1=" " ind2=" ">
    <subfield code="a">T&#xFC;rkiye'nin demokrasi krizini a&#x15F;mas&#x131; i&#xE7;in derinle&#x15F;tirilen demokrasi konu&#x15F;malar&#x131;/</subfield>
    <subfield code="c">&#x130;lhan Tekeli.</subfield>
  </datafield>
  <datafield tag="260" ind1=" " ind2=" ">
    <subfield code="a">Ankara:</subfield>
    <subfield code="b">Sosyal Demokrasi Derne&#x11F;i Yay&#x131;nlar&#x131;,</subfield>
    <subfield code="c">2019.</subfield>
  </datafield>
  <datafield tag="300" ind1=" " ind2=" ">
    <subfield code="a">280 s.:</subfield>
    <subfield code="c">19 sm.</subfield>
  </datafield>
  <datafield tag="490" ind1=" " ind2=" ">
    <subfield code="a">Sosyal Demokrasi Derne&#x11F;i Yay&#x131;nlar&#x131;;</subfield>
    <subfield code="a">Sosyal Demokrasi D&#xFC;&#x15F;&#xFC;nce D&#xFC;nyas&#x131; Dizisi;</subfield>
    <subfield code="v">31.</subfield>
    <subfield code="v">7.</subfield>
  </datafield>
  <datafield tag="504" ind1=" " ind2=" ">
    <subfield code="a">Bibliyografik bilgi i&#xE7;erir.</subfield>
  </datafield>
  <datafield tag="650" ind1=" " ind2="0">
    <subfield code="a">Siyaset ve y&#xF6;netim</subfield>
    <subfield code="x">T&#xFC;rkiye</subfield>
    <subfield code="z">T&#xFC;rkiye</subfield>
    <subfield code="9">9</subfield>
  </datafield>
  <datafield tag="942" ind1=" " ind2=" ">
    <subfield code="2">ddc</subfield>
    <subfield code="c">BKS</subfield>
  </datafield>
</record>
